000 00536nam a2200217 4500
001 2804
005 20181127165830.0
010 0 0 _a
020 0 0 _a
090 0 0 _a346.07095498 B5759b 2009
100 0 0 _a
245 0 0 _aBhutanese legal environment - 305.
_b
_c
_h
250 0 0 _a2009 ed.
260 0 0 _aN.p. :
_bn.p.,
_c2009.
300 0 0 _a169 p.
500 0 0 _a"For BBA program use only, 2009"
590 _aSpiral-bound xerographic copy
650 0 0 _a
_x
650 0 0 _aCommercial law -- Bhutan.
_x
650 0 0 _aCorporation law --Bhutan.
_x
999 _c2246
_d2246